ARRUPE JESUIT UNIVERSITY

CORONAVIRUS -STOP THE SPREAD - CLEAN,DISINFECT,COVER

Uniquely African? : (Record no. 129758)

MARC details
000 -LEADER
fixed length control field 02732cam a22003134a 4500
001 - CONTROL NUMBER
control field 13269034
003 - CONTROL NUMBER IDENTIFIER
control field ARRUPE
005 - DATE AND TIME OF LATEST TRANSACTION
control field 20190828095141.0
008 - FIXED-LENGTH DATA ELEMENTS--GENERAL INFORMATION
fixed length control field 030710s2003 nju b 001 0 eng
010 ## - LIBRARY OF CONGRESS CONTROL NUMBER
LC control number 2003015459
020 ## - INTERNATIONAL STANDARD BOOK NUMBER
International Standard Book Number 1592211135
040 ## - CATALOGING SOURCE
Original cataloging agency DLC
Transcribing agency DLC
Modifying agency DLC
042 ## - AUTHENTICATION CODE
Authentication code pcc
043 ## - GEOGRAPHIC AREA CODE
Geographic area code fb-----
050 00 - LIBRARY OF CONGRESS CALL NUMBER
Classification number BR1430
Item number .U55 2003
082 00 - DEWEY DECIMAL CLASSIFICATION NUMBER
Classification number 276
Edition number 22
300 ## - PHYSICAL DESCRIPTION
Dimensions 23 cm.
245 00 - TITLE STATEMENT
Title Uniquely African? :
Remainder of title African Christian identity from cultural and historical perspectives /
Statement of responsibility, etc edited by James L. Cox and Gerrie ter Haar.
260 ## - PUBLICATION, DISTRIBUTION, ETC. (IMPRINT)
Place of publication, distribution, etc Trenton, NJ :
Name of publisher, distributor, etc Africa World Press,
Date of publication, distribution, etc c2003.
300 ## - PHYSICAL DESCRIPTION
Extent viii, 310 p. ;
440 #0 - SERIES STATEMENT/ADDED ENTRY--TITLE
Title Religion in contemporary Africa series
9 (RLIN) 47955
504 ## - BIBLIOGRAPHY, ETC. NOTE
Bibliography, etc Includes bibliographical references (p. [275]-297) and indexes.
505 0# - FORMATTED CONTENTS NOTE
Formatted contents note Preface : setting the context : the African Christianity project and institutional self-reflexivity / James L. Cox -- Introduction : what role do institutions of theology and religious studies play in the engagement with African cultural dynamics? / Leslie E.T. Shyllon -- African identities as the projection of Western alterity / James L. Cox -- Knowing the African : Edwin W. Smith and the invention of African traditional religion / Henk J. Van Rinsum -- Educational institutions in Igboland : Christian engagement with societal challenges / U.D. Anyanwu -- Christianity and African culture : religious challenges / Mercy Amba Oduyoye -- Christianity in a pluralistic context : religious challenges in Zimbabwe / Ezra Chitando -- Church life, civil society, and democratization in Malawi, 1992-96 / Kenneth R. Ross -- Christianity and national development in West Africa : dilemmas and possibilities / Gustav H.K. Deveneaux -- Christianity and national identity in Ghana : religious perspectives / Elom Dovlo -- Christian missions and nation building in Ghana : an historical evaluation / Robert Addo-Fenning -- 'Globecalisation' and religion : the Pentecostal model in contemporary Africa / Ogbo U. Kalu -- Old wine in new bottles : prophetic experiences in the celestial Church of Christ / Afe Adogame -- 'African' Christians or 'Christian' Africans in Europe? : issues in self-definition / Gerrie ter Haar.
650 #0 - SUBJECT ADDED ENTRY--TOPICAL TERM
Topical term or geographic name as entry element Christianity
Geographic subdivision Africa, Sub-Saharan.
9 (RLIN) 27850
700 1# - ADDED ENTRY--PERSONAL NAME
Personal name Cox, James L.
Fuller form of name (James Leland)
9 (RLIN) 2125
700 1# - ADDED ENTRY--PERSONAL NAME
Personal name Haar, Gerrie ter.
9 (RLIN) 47956
856 41 - ELECTRONIC LOCATION AND ACCESS
Materials specified Table of contents
Uniform Resource Identifier <a href="http://www.loc.gov/catdir/toc/ecip046/2003015459.html">http://www.loc.gov/catdir/toc/ecip046/2003015459.html</a>
906 ## - LOCAL DATA ELEMENT F, LDF (RLIN)
a 7
b cbc
c orignew
d 1
e ecip
f 20
g y-gencatlg
942 ## - ADDED ENTRY ELEMENTS (KOHA)
Source of classification or shelving scheme Library of Congress Classification
Koha item type Monograph ( Printed materials)
Holdings
Withdrawn status Lost status Source of classification or shelving scheme Damaged status Not for loan Collection code Home library Current library Shelving location Date acquired Total Checkouts Full call number Barcode Date last seen Date checked out Price effective from Koha item type
    Library of Congress Classification     Main Collection ARRUPE LIBRARY ARRUPE LIBRARY Main Collection 28/08/2019 1 BR1430 .U55 2003 46600005241 20/05/2022 18/03/2022 28/08/2019 Monograph ( Printed materials)

 

Arrupe Library. PO Box MP320 Mt Pleasant, Harare, Zimbabwe
263 242 745411|librarian@aju.ac.zw